00406nam a2200157Ia 4500003000900000008004100009040001600050080001600066100002200082245004700104260002600151300000900177650000900186650002200195650003100217IN-BaIIA211028s9999 xx 000 0 eng d cIIA Library a523.34bSCH aSchindler, Robert 4aThe mechanic of the mooncRobert Schindler aLucernebAuthorc1906 a74p. aMoon aPlanetary systems aSurfaces(Celestial Bodies)